[Event "Petroupoli ASOP Dias Seniors op"]
[Site "Petroupoli"]
[Date "2013.02.09"]
[Round "4.11"]
[White "Mihalopoulos, Nikolaos"]
[Black "Kazalis, Manos"]
[Result "0-1"]
[WhiteElo "1055"]
[BlackElo "1434"]
[PlyCount "60"]
[EventDate "2013.01.19"]
[EventType "swiss"]
[EventRounds "7"]
[EventCountry "GRE"]
[SourceTitle "EXT 2024"]
[Source "ChessBase"]
[SourceDate "2023.10.10"]
[SourceVersion "1"]
[SourceVersionDate "2023.10.10"]
[SourceQuality "1"]

1. e4 d5 2. exd5 Nf6 3. d4 Bg4 4. Be2 Bxe2 5. Qxe2 Qxd5 6. Nf3 Nc6 7. Be3 e6 8. 0-0 h6 9. Nc3 Qh5 10. Qb5 Qxb5 11. Nxb5 Nd5 12. Bd2 a6 13. Nc3 Ndb4 14. Rac1 0-0-0 15. Be3 g5 16. a3 Nd5 17. Nxd5 Rxd5 18. c3 f5 19. Ne5 Nxe5 20. dxe5 f4 21. Bd4 c5 22. Rfd1 Rh7 23. Rd3 cxd4 24. cxd4+ Rc7 25. Rcd1 Rc2 26. b4 Be7 27. g3 fxg3 28. hxg3 Rc4 29. Kg2 g4 30. Kh2 Kd7 0-1

[Event "Petroupoli ASOP Dias Seniors op"]
[Site "Petroupoli"]
[Date "2012.11.10"]
[Round "2.10"]
[White "Diatsintos, Ilias"]
[Black "Kazalis, Manos"]
[Result "1-0"]
[WhiteElo "1557"]
[BlackElo "1381"]
[PlyCount "67"]
[EventDate "2012.11.03"]
[EventType "swiss"]
[EventRounds "7"]
[EventCountry "GRE"]
[SourceTitle "EXT 2024"]
[Source "ChessBase"]
[SourceDate "2023.10.10"]
[SourceVersion "1"]
[SourceVersionDate "2023.10.10"]
[SourceQuality "1"]

1. Nf3 b6 2. d4 Bb7 3. Nbd2 d6 4. e3 e6 5. Bd3 Ne7 6. c4 Nd7 7. Qc2 g6 8. Rb1 Bg7 9. b4 c5 10. Ne4 Qc7 11. bxc5 dxc5 12. Ba3 0-0 13. dxc5 Nxc5 14. Nxc5 Bxf3 15. Nxe6 fxe6 16. gxf3 Rac8 17. Ke2 Rf7 18. h4 Rcf8 19. Rh3 Be5 20. Rg1 Rf6 21. Rg5 Bd6 22. Bb2 e5 23. Be4 Kf7 24. h5 Qc8 25. hxg6+ hxg6 26. Rh7+ Ke8 27. Bxe5 Bxe5 28. Rxe5 Re6 29. Qa4+ Kd8 30. Rxe6 Qxe6 31. Qb3 Qg8 32. Qd3+ Ke8 33. Bxg6+ Qxg6 34. Rxe7+ 1-0

[Event "Petroupoli op 5th"]
[Site "Petroupoli"]
[Date "2012.09.19"]
[Round "4"]
[White "Kazalis, Manos"]
[Black "Kouskoutis, Georgios Alexandros"]
[Result "0-1"]
[WhiteElo "1344"]
[BlackElo "1695"]
[PlyCount "70"]
[EventDate "2012.09.08"]
[EventType "swiss"]
[EventRounds "7"]
[EventCountry "GRE"]
[SourceTitle "CBM 150 Extra"]
[Source "ChessBase"]
[SourceDate "2012.10.19"]
[SourceVersion "1"]
[SourceVersionDate "2012.10.19"]
[SourceQuality "1"]

1. f4 d5 2. Nf3 Nf6 3. e3 c5 4. b3 e6 5. Bb2 Bd6 6. Be2 Nbd7 7. 0-0 Qc7 8. Bb5 0-0 9. Bxd7 Nxd7 10. d3 b5 11. Ng5 h6 12. Nh3 Be7 13. Qg4 Bf6 14. Bxf6 Nxf6 15. Qh4 e5 16. f5 e4 17. Nd2 exd3 18. cxd3 Qe5 19. Qf2 Ng4 20. Qf4 Qxe3+ 21. Qxe3 Nxe3 22. Rfc1 Bxf5 23. Rxc5 Rfc8 24. d4 Nc2 25. Rf1 Nxd4 26. Rxd5 Ne2+ 27. Kf2 Bxh3 28. gxh3 Nc3 29. Rf5 Nxa2 30. Rxb5 Rc2 31. Ke3 Re8+ 32. Kd3 Rc3+ 33. Kd4 Rd8+ 34. Rd5 Rxd5+ 35. Kxd5 Rd3+ 0-1

[Event "Petroupoli op 4th"]
[Site "Petroupoli"]
[Date "2012.05.12"]
[Round "5"]
[White "Dallis, Ioannis"]
[Black "Kazalis, Manos"]
[Result "1-0"]
[WhiteElo "1547"]
[BlackElo "1354"]
[PlyCount "113"]
[EventDate "2012.04.28"]
[EventType "swiss"]
[EventRounds "7"]
[EventCountry "GRE"]
[SourceTitle "CBM 148 Extra"]
[Source "ChessBase"]
[SourceDate "2012.06.22"]
[SourceVersion "1"]
[SourceVersionDate "2012.06.22"]
[SourceQuality "1"]

1. d4 b6 2. Nf3 Bb7 3. Bf4 e6 4. Nbd2 d6 5. e3 g6 6. Bd3 Bg7 7. 0-0 Ne7 8. Re1 Nd7 9. Nc4 h6 10. h3 0-0 11. c3 a6 12. e4 Nf6 13. e5 Nh5 14. Bh2 d5 15. Ncd2 c5 16. g4 c4 17. Bc2 f5 18. gxh5 gxh5 19. Kh1 Ng6 20. Rg1 Nh4 21. Ne1 Qe8 22. Bg3 Ng6 23. Qxh5 Kh7 24. Bh2 Rg8 25. Nef3 Bf8 26. Bxf5 exf5 27. Qxf5 Bc8 28. Qc2 Be7 29. Rg3 Qf7 30. Rag1 Bf5 31. Qd1 Qe6 32. Qe2 Rg7 33. h4 Rag8 34. h5 Nf4 35. Rxg7+ Rxg7 36. Rxg7+ Kxg7 37. Bxf4 Bd3 38. Qe1 Qh3+ 39. Nh2 Bg5 40. Qg1 Qh4 41. Bxg5 hxg5 42. Qg3 Qxh5 43. Ndf3 Be4 44. Kg1 Kg6 45. e6 Kh7 46. Qg4 Bxf3 47. Qxh5+ Bxh5 48. Kg2 Kg6 49. Kg3 Kf6 50. Ng4+ Kxe6 51. f3 a5 52. a3 a4 53. f4 gxf4+ 54. Kxf4 Bxg4 55. Kxg4 Kf6 56. Kf4 Ke6 57. Kg5 1-0

[Event "Petroupoli ASOP Dias op 2nd"]
[Site "Petroupoli"]
[Date "2012.02.15"]
[Round "2.1"]
[White "Kazalis, Manos"]
[Black "Nestoratou, Virginia"]
[Result "1-0"]
[WhiteElo "1354"]
[BlackElo "1000"]
[PlyCount "57"]
[EventDate "2012.02.11"]
[EventType "swiss"]
[EventRounds "7"]
[EventCountry "GRE"]
[SourceTitle "EXT 2024"]
[Source "ChessBase"]
[SourceDate "2023.10.10"]
[SourceVersion "1"]
[SourceVersionDate "2023.10.10"]
[SourceQuality "1"]

1. e4 e5 2. Nf3 Nc6 3. Bc4 Nf6 4. Ng5 Bc5 5. Nxf7 Qe7 6. Nxh8 Qf8 7. Nf7 Na5 8. Nxe5 Nxc4 9. Nxc4 Nxe4 10. Qe2 d5 11. Ne5 Bf5 12. d3 Nd6 13. Ng6+ Kd7 14. Nxf8+ Rxf8 15. 0-0 Re8 16. Be3 d4 17. Qf3 c6 18. Bf4 Re6 19. Nd2 b5 20. Bxd6 Bxd6 21. Qxf5 g6 22. Qxe6+ Kxe6 23. Rfe1+ Kd7 24. Ne4 Be7 25. c3 c5 26. a4 a5 27. axb5 Bd8 28. Nxc5+ Kd6 29. Nb7+ 1-0